LEADER 01199nam a2200277 u 4500 001 000000089988 003 CaOOAMICUS 005 20070226124657.0 008 051205s1962 ag u000 u spa u 035 $a11071292 040 $aPUL(R)$bita 041 1 $aspa$hlat 110 2 $aPapi (1958-1963 : Iohannes PP. XXIII).$0(OLS)http://pul/name/18013 240 10$aMater et magistra.$lSpagnolo.$0(OLS)http://pul/title/116231 245 10$aEnciclica Mater et magistra :$bprólogo y comentarios del Centro de Investigación Social /$cS.S. Juan XXIII. 250 $a3. ed. 260 $aBuenos Aires :$bCias,$c1962. 300 $a158 p. ;$c19 cm 504 $aInclude riferimenti bibliografici. 850 $aPUL 852 $aPUL$W1$xDP1 Fondo Pastorale$y55$mP13 B 123$j113659$nBK-PRI$b $qFondi$B113659$CPULBib$Z2$F113659 $H $81 900 $aIohannes PP.$bXXIII,$cs.,$d1881-1963$918013 900 $aIohannes PP.$bXXIII,$cs.,$d1881-1963$918013 941 1 $a1 996 $6245$aEnciclica Mater et magistra :$bprólogo y comentarios del Centro de Investigación Social$9(OLS)http://pul/title/116232 996 $6260$aBuenos Aires :$bCias$9(OLS)http://pul/publisher/78295 LEADER 01215nam a2200241 a 4500 001 000000167771 003 CaOOAMICUS 005 20180521154037.0 008 180521s1934 be g 000 u lat r 032 $aLibriCat 040 $aPUL$bita 245 00$aAntiphonale monasticum pro diurnis horis juxta vota RR. DD. Abbatum Congregationum confoederatarum ordinis Sancti Benedicti a Solesmensibus monachis restitutum . 260 $aParis :$bDesclée & C.,$c©1934. 300 $aXXXIV, 1296 p. : $bmusica ; $c21 cm. 650 4$aAntifone.$0(OLS)http://pul/subject/39067 710 22$aAbbaye Saint-Pierre de Solesmes.$0(OLS)http://pul/name/21043 710 22$aBenedettini.$bCongregazione di Francia (Solesmes).$0(OLS)http://pul/name/17965 850 $aPUL 852 $aPUL$W1$xDP1 Fondo Dalla Palma$y117$m3 E 42$j166373$qFondi$B195429$CPULBib$Z2$F195429 $HDal1673 $81 941 1 $a1 996 $6245$aAntiphonale monasticum pro diurnis horis juxta vota RR. DD. Abbatum Congregationum confoederatarum ordinis Sancti Benedicti a Solesmensibus monachis restitutum $9(OLS)http://pul/title/207893 996 $6260$aParis :$bDesclée & C.$9(OLS)http://pul/publisher/56999